| 000 | 00401cam a2200169ua 4500 | ||
|---|---|---|---|
| 020 | _c12.80 | ||
| 041 |
_aeng _h |
||
| 082 |
_a671.35 _bLOS/GR |
||
| 100 | _aLoskutov, V.V . | ||
| 245 |
_aGrinding of metals / _cV.V.Loskutov. _hTextual Documents |
||
| 260 |
_aMoscow : _bMIR Publishers , _c1984. |
||
| 300 | _a302 ; . | ||
| 365 | _a12.80 | ||
| 504 | _a | ||
| 942 | _cBK | ||
| 999 |
_c1655 _d1655 |
||